[Event "HUN-chT2 Breyer 1314"]
[Site "Hungary"]
[Date "2013.11.03"]
[Round "4"]
[White "Nagy, Csaba1"]
[Black "Herter, Jozsef"]
[Result "1/2-1/2"]
[WhiteElo "2019"]
[BlackElo "1887"]
[PlyCount "103"]
[EventDate "2013.09.08"]
[EventType "team-tourn"]
[EventRounds "9"]
[EventCountry "HUN"]
[SourceTitle "EXT 2016"]
[Source "ChessBase"]
[SourceDate "2015.10.08"]
[SourceVersion "1"]
[SourceVersionDate "2015.10.08"]
[SourceQuality "1"]
[WhiteTeam "Szazhalombatta"]
[BlackTeam "Pet"]
[WhiteTeamCountry "HUN"]
[BlackTeamCountry "HUN"]

1. e4 c5 2. Nf3 Nc6 3. d4 cxd4 4. Nxd4 d6 5. Nc3 a6 6. Be3 Nf6 7. Be2 e6 8. 0-0 Be7 9. a4 0-0 10. Nxc6 bxc6 11. a5 e5 12. Bb6 Qe8 13. Bc4 Bb7 14. f4 Qd7 15. fxe5 dxe5 16. Qxd7 Nxd7 17. Na4 Nf6 18. Bc5 Rfe8 19. Bxe7 Rxe7 20. Nc5 h6 21. Rad1 Kh7 22. b3 Kg6 23. Rd6 Kh7 24. Nxb7 Rxb7 25. Rxc6 Rd7 26. Rxa6 Rxa6 27. Bxa6 Ra7 28. Bd3 Rxa5 29. b4 Ra7 30. b5 Rb7 31. Rb1 Nd7 32. Kf2 Kg6 33. Ke3 Kf6 34. Ra1 Ke7 35. c4 Kd6 36. Ra6+ Nb6 37. Kd2 Kc5 38. Kc3 f6 39. Ra3 Rd7 40. g4 Rc7 41. h4 Rd7 42. Kc2 Rc7 43. Be2 Kb4 44. Rb3+ Kc5 45. Rd3 Rc8 46. Kb3 Ra8 47. g5 hxg5 48. hxg5 fxg5 49. Bg4 Rf8 50. Be6 Rf6 51. Bg4 g6 52. Kc3 1/2-1/2

[Event "HUN-chT2 Breyer 1314"]
[Site "Hungary"]
[Date "2013.10.20"]
[Round "3"]
[White "Herter, Jozsef"]
[Black "Vagvolgyi, Istvan"]
[Result "1/2-1/2"]
[WhiteElo "1887"]
[BlackElo "1921"]
[PlyCount "69"]
[EventDate "2013.09.08"]
[EventType "team-tourn"]
[EventRounds "9"]
[EventCountry "HUN"]
[SourceTitle "EXT 2016"]
[Source "ChessBase"]
[SourceDate "2015.10.08"]
[SourceVersion "1"]
[SourceVersionDate "2015.10.08"]
[SourceQuality "1"]
[WhiteTeam "Pet"]
[BlackTeam "Zoltek"]
[WhiteTeamCountry "HUN"]
[BlackTeamCountry "HUN"]

1. d4 Nf6 2. g3 d5 3. Nf3 e6 4. Bg2 Be7 5. 0-0 0-0 6. c4 c6 7. Nc3 Na6 8. Re1 Nc7 9. Qc2 b6 10. cxd5 cxd5 11. Bf4 Bd6 12. Be5 h6 13. Rac1 Bb7 14. Qb3 Bxe5 15. Nxe5 Nce8 16. Rc2 Nd6 17. Rec1 Rc8 18. Nb5 a6 19. Nxd6 Qxd6 20. Rxc8 Rxc8 21. Rxc8+ Bxc8 22. Qc3 Bb7 23. e3 Kf8 24. Kf1 Ke7 25. Ke1 Nd7 26. Nd3 Qc6 27. Kd2 f6 28. Bf1 Qxc3+ 29. Kxc3 Kd6 30. Bh3 g5 31. f4 Bc6 32. a3 h5 33. Bg2 e5 34. Nb4 Bb7 35. Nd3 1/2-1/2

[Event "HUN-chT2 Szechenyi 1112"]
[Site "Hungary"]
[Date "2012.05.06"]
[Round "10.8"]
[White "Herter, Jozsef"]
[Black "Czupor, Attila"]
[Result "1-0"]
[WhiteElo "1906"]
[BlackElo "1808"]
[PlyCount "93"]
[EventDate "2011.09.25"]
[EventType "team-tourn"]
[EventRounds "11"]
[EventCountry "HUN"]
[SourceTitle "EXT 2013"]
[Source "ChessBase"]
[SourceDate "2012.11.22"]
[SourceVersion "1"]
[SourceVersionDate "2012.11.22"]
[SourceQuality "1"]
[WhiteTeam "Pet"]
[BlackTeam "Sarvar"]
[WhiteTeamCountry "HUN"]
[BlackTeamCountry "HUN"]

1. d4 Nf6 2. Nf3 d5 3. g3 e6 4. Bg2 c5 5. 0-0 Nc6 6. c4 dxc4 7. Qa4 Bd7 8. Qxc4 Na5 9. Qc2 Rc8 10. Nc3 Be7 11. Bg5 0-0 12. Rad1 b5 13. Qd3 c4 14. Qc2 h6 15. Bf4 b4 16. Ne4 Nxe4 17. Qxe4 Bc6 18. Qb1 Qb6 19. e4 Bb5 20. Rfe1 c3 21. Rc1 c2 22. Rxc2 Bd3 23. Rxc8 Bxb1 24. Rxf8+ Bxf8 25. Rxb1 g5 26. Be3 Nc4 27. Bc1 Bg7 28. b3 Nd6 29. e5 Nb5 30. Be3 g4 31. d5 Qd8 32. Nd4 Nc3 33. Re1 Nxd5 34. Nc6 Qc7 35. Bxd5 exd5 36. Nxa7 Qxe5 37. Rd1 Qe4 38. Nc6 Bc3 39. Rxd5 Qb1+ 40. Kg2 Qxa2 41. Bxh6 Qxb3 42. Ne7+ Kh8 43. Bf8 f5 44. Rxf5 Qc2 45. Rh5+ Qh7 46. Rxh7+ Kxh7 47. Nd5 1-0

[Event "HUN-chT2 Szechenyi 0708"]
[Site "Hungary"]
[Date "2008.01.27"]
[Round "5"]
[White "Herter, Jozsef"]
[Black "Balogh, Mate"]
[Result "1/2-1/2"]
[WhiteElo "1977"]
[BlackElo "2067"]
[PlyCount "32"]
[EventDate "2007.10.14"]
[EventType "team-tourn"]
[EventRounds "11"]
[EventCountry "HUN"]
[SourceTitle "EXT 2009"]
[Source "ChessBase"]
[SourceDate "2008.11.26"]
[SourceVersion "1"]
[SourceVersionDate "2008.11.26"]
[SourceQuality "1"]
[WhiteTeam "Peti MTE"]
[BlackTeam "Haladas III"]
[WhiteTeamCountry "HUN"]
[BlackTeamCountry "HUN"]

1. d4 d5 2. Nf3 Nf6 3. g3 e6 4. Bg2 c5 5. 0-0 Nc6 6. c4 dxc4 7. Qa4 Bd7 8. Qxc4 b5 9. Qd3 c4 10. Qd1 Rb8 11. Nc3 Be7 12. Ne5 Qb6 13. Nxd7 Nxd7 14. d5 Nce5 15. dxe6 fxe6 16. Be3 Bc5 1/2-1/2

[Event "HUN-chT2 Szechenyi 0708"]
[Site "Hungary"]
[Date "2007.11.11"]
[Round "2"]
[White "Herter, Jozsef"]
[Black "Gaal, Sandor"]
[Result "1-0"]
[WhiteElo "1977"]
[BlackElo "2065"]
[PlyCount "109"]
[EventDate "2007.10.14"]
[EventType "team-tourn"]
[EventRounds "11"]
[EventCountry "HUN"]
[SourceTitle "EXT 2009"]
[Source "ChessBase"]
[SourceDate "2008.11.26"]
[SourceVersion "1"]
[SourceVersionDate "2008.11.26"]
[SourceQuality "1"]
[WhiteTeam "Peti MTE"]
[BlackTeam "Ajka Banyasz"]
[WhiteTeamCountry "HUN"]
[BlackTeamCountry "HUN"]

1. d4 d5 2. Nf3 Nf6 3. g3 e6 4. Bg2 Be7 5. 0-0 0-0 6. c4 c6 7. Nc3 a6 8. Re1 Ne4 9. Qc2 f5 10. Bf4 Nd7 11. Rac1 Ndf6 12. Ne5 Bd7 13. a3 Nh5 14. Nxd7 Qxd7 15. Be5 Bg5 16. e3 Bh6 17. Na4 Rae8 18. cxd5 exd5 19. Nc5 Qe7 20. f4 Nhf6 21. Bxe4 Nxe4 22. Nxe4 fxe4 23. Qg2 Qe6 24. h3 g6 25. Rf1 Bg7 26. Bxg7 Kxg7 27. g4 Qd6 28. Rc2 Rc8 29. Rfc1 Rf7 30. b4 Rfc7 31. Qf2 a5 32. Rb1 Qe7 33. Kg2 Ra8 34. Qd2 Qd6 35. Rcb2 b5 36. Rc2 Ra6 37. bxa5 Qxa3 38. Rxb5 Qd3 39. Rbc5 Qxd2+ 40. Rxd2 Kf6 41. Rdc2 Ke6 42. Kg3 h6 43. h4 h5 44. Kh3 hxg4+ 45. Kxg4 Kd6 46. Kg5 Ra8 47. Rb2 Rh8 48. a6 Rh5+ 49. Kg4 Rch7 50. Rh2 Ra7 51. Ra5 Ke6 52. Kg3 Kd6 53. Rb2 Rhh7 54. Kg4 Rag7 55. Rb8 1-0

[Event "HUN-chT2 Szechenyi 0607"]
[Site "Hungary"]
[Date "2007.04.15"]
[Round "8"]
[White "Domotor, Jozsef"]
[Black "Herter, Jozsef"]
[Result "1-0"]
[WhiteElo "2092"]
[BlackElo "2045"]
[PlyCount "137"]
[EventDate "2006.11.12"]
[EventType "team-tourn"]
[EventRounds "11"]
[EventCountry "HUN"]
[SourceTitle "EXT 2008"]
[Source "ChessBase"]
[SourceDate "2007.11.25"]
[SourceVersion "1"]
[SourceVersionDate "2007.11.25"]
[SourceQuality "1"]
[WhiteTeam "Kertvaros"]
[BlackTeam "Peti MTE"]
[WhiteTeamCountry "HUN"]
[BlackTeamCountry "HUN"]

1. d4 d5 2. c4 c6 3. Nf3 Nf6 4. e3 e6 5. Nc3 Be7 6. Bd3 0-0 7. 0-0 Nbd7 8. e4 dxe4 9. Nxe4 b6 10. Qe2 Bb7 11. Rd1 Qc7 12. Bg5 Rfe8 13. Rd2 c5 14. dxc5 Bxe4 15. Bxe4 Nxe4 16. cxb6 Nxb6 17. Qxe4 Qxc4 18. Rd4 Qc5 19. Rc1 Qf5 20. Qxf5 exf5 21. Bxe7 Rxe7 22. Kf1 g6 23. a4 Rae8 24. a5 Nd7 25. b4 Nf6 26. Rdc4 Rb7 27. Rc7 Rxb4 28. Ng5 Rf8 29. Rxa7 h6 30. Nf3 Ne4 31. Ne5 Rb5 32. Nd7 Rd8 33. f3 Nd2+ 34. Kg1 Rb1 35. Rxb1 Nxb1 36. Rb7 Nc3 37. a6 Nb5 38. a7 Nxa7 39. Rxa7 g5 40. Rb7 Kg7 41. g3 Re8 42. Kf2 Re7 43. Nc5 Re5 44. Nd3 Re6 45. f4 Rc6 46. Rxf7+ Kg8 47. Rxf5 gxf4 48. Nxf4 Rc2+ 49. Ne2 Kg7 50. Re5 Rb2 51. Kf3 Ra2 52. h4 Kf6 53. Rc5 Ra6 54. Nf4 Ra3+ 55. Kg4 Rb3 56. Rc6+ Kg7 57. Rc7+ Kg8 58. Rd7 Ra3 59. Rd3 Ra5 60. Nd5 Kg7 61. Kh5 Rc5 62. g4 Ra5 63. g5 Rc5 64. Nf4 Rc4 65. Rd7+ Kg8 66. Nd5 hxg5 67. hxg5 Rc1 68. Kg6 Rc6+ 69. Nf6+ 1-0

[Event "HUN-chT2 Szechenyi 0607"]
[Site "Hungary"]
[Date "2007.03.25"]
[Round "7"]
[White "Herter, Jozsef"]
[Black "Horvath, Laszlo"]
[Result "1/2-1/2"]
[WhiteElo "2045"]
[BlackElo "2268"]
[PlyCount "42"]
[EventDate "2006.11.12"]
[EventType "team-tourn"]
[EventRounds "11"]
[EventCountry "HUN"]
[SourceTitle "EXT 2008"]
[Source "ChessBase"]
[SourceDate "2007.11.25"]
[SourceVersion "1"]
[SourceVersionDate "2007.11.25"]
[SourceQuality "1"]
[WhiteTeam "Peti MTE"]
[BlackTeam "Gyor Komszomol"]
[WhiteTeamCountry "HUN"]
[BlackTeamCountry "HUN"]

1. Nf3 Nf6 2. d4 e6 3. g3 b6 4. Bg2 Bb7 5. 0-0 Be7 6. c4 0-0 7. Nc3 d6 8. Re1 Nbd7 9. e4 c5 10. d5 e5 11. Nh4 Ne8 12. Nf5 Bg5 13. Nb5 Bxc1 14. Rxc1 Ndf6 15. Qd2 g6 16. Qg5 Kh8 17. Nh4 Ba6 18. a4 Bxb5 19. cxb5 Rc8 20. Rc3 Nh5 21. Qxd8 Rxd8 1/2-1/2

[Event "HUN-chT2 Szechenyi 0607"]
[Site "Hungary"]
[Date "2006.12.03"]
[Round "3"]
[White "Tamas, Gyorgy"]
[Black "Herter, Jozsef"]
[Result "1-0"]
[WhiteElo "2148"]
[BlackElo "2045"]
[PlyCount "107"]
[EventDate "2006.11.12"]
[EventType "team-tourn"]
[EventRounds "11"]
[EventCountry "HUN"]
[SourceTitle "EXT 2008"]
[Source "ChessBase"]
[SourceDate "2007.11.25"]
[SourceVersion "1"]
[SourceVersionDate "2007.11.25"]
[SourceQuality "1"]
[WhiteTeam "Zala Volan"]
[BlackTeam "Peti MTE"]
[WhiteTeamCountry "HUN"]
[BlackTeamCountry "HUN"]

1. Nf3 c5 2. e4 d6 3. c4 Nf6 4. Nc3 Nc6 5. d4 cxd4 6. Nxd4 a6 7. Be2 e6 8. Be3 Be7 9. 0-0 0-0 10. Qd2 Qc7 11. Rac1 Bd7 12. f3 Rac8 13. Nd5 Qd8 14. Nxe7+ Qxe7 15. Rfd1 Rfd8 16. Nb3 Be8 17. Bb6 Rd7 18. Qe3 e5 19. Rd2 Nh5 20. Rcd1 Nf4 21. Bf1 Ne6 22. g3 Nb8 23. Na5 Nc6 24. Nxc6 Rxc6 25. b3 Nc5 26. Bxc5 dxc5 27. Rd5 f6 28. Bh3 Rxd5 29. cxd5 Qd6 30. Rc1 Rc7 31. Be6+ Kf8 32. f4 b6 33. f5 Bf7 34. Qe2 b5 35. Bxf7 Rxf7 36. Qd2 Rc7 37. Qa5 Kf7 38. g4 g5 39. h4 h6 40. Rc2 c4 41. hxg5 fxg5 42. bxc4 bxc4 43. Qc3 Qc5+ 44. Kg2 Kf6 45. Qh3 Kg7 46. f6+ Kh7 47. Qf3 Rf7 48. Qf5+ Kh8 49. Qxe5 Qc8 50. Kg3 Qc5 51. Rf2 c3 52. Qe8+ Rf8 53. Qe7 Qe3+ 54. Kg2 1-0

[Event "HUN-chT2 Breyer 0405"]
[Site "Hungary"]
[Date "2005.03.06"]
[Round "9"]
[White "Fekete, Istvan1"]
[Black "Herter, Jozsef"]
[Result "1-0"]
[WhiteElo "2097"]
[BlackElo "2051"]
[PlyCount "77"]
[EventDate "2004.09.26"]
[EventType "team-tourn"]
[EventRounds "11"]
[EventCountry "HUN"]
[SourceTitle "EXT 2009"]
[Source "ChessBase"]
[SourceDate "2008.11.26"]
[SourceVersion "1"]
[SourceVersionDate "2008.11.26"]
[SourceQuality "1"]
[WhiteTeam "Vertesi Eromu"]
[BlackTeam "Pet"]
[WhiteTeamCountry "HUN"]
[BlackTeamCountry "HUN"]

1. d4 d5 2. c4 c6 3. Nc3 e6 4. e3 Nf6 5. Nf3 Nbd7 6. Bd3 dxc4 7. Bxc4 b5 8. Bd3 Bb7 9. 0-0 b4 10. Na4 c5 11. dxc5 Nxc5 12. Nxc5 Bxc5 13. Bb5+ Ke7 14. b3 Qc7 15. h3 Rad8 16. Qe2 Ne4 17. Bb2 Nc3 18. Qc4 Bd5 19. Qh4+ f6 20. Bxc3 bxc3 21. Rfc1 Ba3 22. Rc2 Bb2 23. Rb1 Qb7 24. Nd4 Rc8 25. Bd3 a6 26. e4 Bc6 27. Qg4 Qd7 28. Qxg7+ Kd6 29. Qg3+ e5 30. Nf5+ Kc7 31. Qe3 Kb7 32. Rd1 Qc7 33. Nd6+ Ka8 34. Bxa6 Rcd8 35. Qc5 Rhg8 36. Rd5 Rxd6 37. Rxd6 Rxg2+ 38. Kf1 Rg8 39. Rxc6 1-0

[Event "HUN-chT2 Breyer 0405"]
[Site "Hungary"]
[Date "2005.01.23"]
[Round "6"]
[White "Herter, Jozsef"]
[Black "Molnar, Tamas"]
[Result "1-0"]
[WhiteElo "2051"]
[BlackElo "1998"]
[PlyCount "79"]
[EventDate "2004.09.26"]
[EventType "team-tourn"]
[EventRounds "11"]
[EventCountry "HUN"]
[SourceTitle "EXT 2009"]
[Source "ChessBase"]
[SourceDate "2008.11.26"]
[SourceVersion "1"]
[SourceVersionDate "2008.11.26"]
[SourceQuality "1"]
[WhiteTeam "Pet"]
[BlackTeam "Barcza"]
[WhiteTeamCountry "HUN"]
[BlackTeamCountry "HUN"]

1. d4 Nf6 2. c4 g6 3. Nc3 Bg7 4. Nf3 0-0 5. e4 d6 6. Bd3 e5 7. d5 Nbd7 8. Bg5 a5 9. Qd2 Nc5 10. Bc2 Bd7 11. 0-0 Qe8 12. a4 b6 13. Rfe1 Nh5 14. Be3 f5 15. Bxc5 bxc5 16. Nb5 Bxb5 17. axb5 fxe4 18. Bxe4 a4 19. Ra3 Qd7 20. h3 Rf4 21. Qc2 Nf6 22. Ng5 Nxe4 23. Nxe4 Raf8 24. f3 Qe7 25. Qf2 g5 26. Qg3 h5 27. Qxg5 Qxg5 28. Nxg5 Rxc4 29. Ne6 Rf7 30. Re4 Rc2 31. Raxa4 Rxb2 32. Ra8+ Kh7 33. Ng5+ Kg6 34. Nxf7 Kxf7 35. Rc8 Rxb5 36. Rxc7+ Kf6 37. Rd7 Bf8 38. Ra4 Kg5 39. h4+ Kg6 40. Ra8 1-0

[Event "HUN-chT2 Breyer 0203"]
[Site "Hungary"]
[Date "2003.02.16"]
[Round "7"]
[White "Frank, Jozsef1"]
[Black "Herter, Jozsef"]
[Result "1-0"]
[WhiteElo "2039"]
[BlackElo "1966"]
[PlyCount "136"]
[EventDate "2002.09.22"]
[EventType "team-tourn"]
[EventRounds "11"]
[EventCountry "HUN"]
[SourceTitle "EXT 2009"]
[Source "ChessBase"]
[SourceDate "2008.11.26"]
[SourceVersion "1"]
[SourceVersionDate "2008.11.26"]
[SourceQuality "1"]

1. d4 d5 2. Nf3 Nf6 3. g3 e6 4. Bg2 Be7 5. 0-0 0-0 6. c3 c5 7. Bg5 Nbd7 8. Nbd2 h6 9. Bxf6 Nxf6 10. Ne5 Qc7 11. Qb3 c4 12. Qc2 b5 13. a3 Bb7 14. e4 Rfe8 15. Rfe1 a5 16. f4 b4 17. f5 exf5 18. exf5 Bd6 19. Ndf3 b3 20. Qf2 Nd7 21. Nxd7 Qxd7 22. Ne5 Qc7 23. Ng4 f6 24. Ne3 Qf7 25. Qf3 Re4 26. Nxc4 dxc4 27. Rxe4 Bxe4 28. Qxe4 Rc8 29. Qd5 Qxd5 30. Bxd5+ Kf8 31. Re1 Be7 32. Re6 Rb8 33. Bxc4 Bxa3 34. bxa3 b2 35. Bd3 b1Q+ 36. Bxb1 Rxb1+ 37. Kf2 Rb3 38. d5 Rxc3 39. d6 Rd3 40. Ke2 Rd5 41. g4 Rd4 42. Ke3 Rd1 43. h4 Rd5 44. Ke4 Rd1 45. Re7 Rxd6 46. Ra7 Rd1 47. Rxa5 Rg1 48. Kf3 Rf1+ 49. Kg2 Rf4 50. Kg3 Rc4 51. h5 Rc3+ 52. Kh4 Rc1 53. Ra8+ Kf7 54. a4 Rh1+ 55. Kg3 Rg1+ 56. Kf3 Rf1+ 57. Kg2 Rf4 58. Kg3 Rc4 59. a5 Rc3+ 60. Kf2 Rc4 61. a6 Rxg4 62. Rb8 Ra4 63. Rb7+ Kg8 64. a7 Kh7 65. Ke3 Ra3+ 66. Kd4 Ra5 67. Kc4 Rxf5 68. a8Q Rc5+ 1-0

[Event "HUN-chT2 Breyer 0203"]
[Site "Hungary"]
[Date "2002.11.24"]
[Round "3"]
[White "Herter, Jozsef"]
[Black "Jasz, Peter"]
[Result "1-0"]
[WhiteElo "1966"]
[BlackElo "2037"]
[PlyCount "135"]
[EventDate "2002.09.22"]
[EventType "team-tourn"]
[EventRounds "11"]
[EventCountry "HUN"]
[SourceTitle "EXT 2009"]
[Source "ChessBase"]
[SourceDate "2008.11.26"]
[SourceVersion "1"]
[SourceVersionDate "2008.11.26"]
[SourceQuality "1"]

1. d4 Nf6 2. c4 g6 3. Nc3 Bg7 4. Nf3 d6 5. e4 0-0 6. Bd3 Nbd7 7. Bf4 Nh5 8. Be3 c5 9. Qd2 cxd4 10. Bxd4 Ne5 11. Nxe5 dxe5 12. Be3 f5 13. f3 f4 14. Bf2 Bd7 15. 0-0-0 Bc6 16. Bc2 Qa5 17. Bb3 Kh8 18. Nd5 Qd8 19. Qb4 e6 20. Nb6 Qg5 21. Nxa8 Qxg2 22. Nc7 Qxf2 23. Nxe6 Re8 24. Nxg7 Nxg7 25. Qc3 Qc5 26. Bc2 Qe7 27. Rd2 Qc7 28. Qa3 Ne6 29. Qxa7 Nd4 30. Rxd4 exd4 31. Qxd4+ Qe5 32. Qxe5+ Rxe5 33. Kd2 g5 34. b4 h5 35. h3 Bd7 36. Kc3 Kg7 37. Kd4 Kf6 38. a4 Be8 39. a5 Bd7 40. Bd3 Bc8 41. c5 Re8 42. Bc4 g4 43. hxg4 hxg4 44. fxg4 Kg5 45. Rg1 f3 46. Ke3 Bxg4 47. Bd5 Re7 48. b5 Kh4 49. Kf2 Rc7 50. c6 bxc6 51. Bxc6 Kg5 52. a6 Kf4 53. Rh1 Be6 54. Rh6 Bc4 55. b6 Rg7 56. Rf6+ Ke5 57. Rxf3 Bxa6 58. Rb3 Rf7+ 59. Ke3 Rh7 60. Rb4 Bb7 61. Bxb7 Rxb7 62. Rb5+ Kd6 63. Kd4 Kc6 64. Rb4 Rxb6 65. Rxb6+ Kxb6 66. Kd5 Kb7 67. Kd6 Kc8 68. Ke7 1-0

[Event "HUN-chT2 Breyer 0203"]
[Site "Hungary"]
[Date "2002.10.13"]
[Round "2"]
[White "Herter, Jozsef"]
[Black "Bereczki, Istvan"]
[Result "0-1"]
[WhiteElo "1966"]
[BlackElo "2053"]
[PlyCount "134"]
[EventDate "2002.09.22"]
[EventType "team-tourn"]
[EventRounds "11"]
[EventCountry "HUN"]
[SourceTitle "EXT 2009"]
[Source "ChessBase"]
[SourceDate "2008.11.26"]
[SourceVersion "1"]
[SourceVersionDate "2008.11.26"]
[SourceQuality "1"]

1. Nf3 Nf6 2. d4 g6 3. c4 Bg7 4. Nc3 d5 5. e3 0-0 6. Be2 dxc4 7. Bxc4 c5 8. 0-0 a6 9. b3 Nc6 10. Bb2 b5 11. Be2 cxd4 12. Nxd4 Nxd4 13. Qxd4 Qxd4 14. exd4 Bb7 15. Ba3 Rfc8 16. Rac1 Rc7 17. Nb1 Rd7 18. Bc5 Nd5 19. Bf3 e6 20. g3 Nf4 21. Bxb7 Ne2+ 22. Kg2 Rxb7 23. Rc2 Nxd4 24. Bxd4 Bxd4 25. Nd2 Raa7 26. Rfc1 Bb6 27. Ne4 Rc7 28. Rxc7 Rxc7 29. Rxc7 Bxc7 30. Nf6+ Kf8 31. f3 Bd8 32. Ne4 Be7 33. Kf2 f5 34. Nc3 Kg7 35. Ke2 Bf6 36. Nb1 Be5 37. Na3 g5 38. Nc2 Bd6 39. Kd3 Kf6 40. Kd4 h5 41. Ke3 Bc5+ 42. Ke2 g4 43. Ne1 Bd6 44. Nd3 Kg5 45. f4+ Kf6 46. Ke3 e5 47. fxe5+ Bxe5 48. Nb4 a5 49. Nd3 Bd6 50. a4 bxa4 51. bxa4 Kg5 52. Kf2 h4 53. Nb2 h3 54. Kg1 Kf6 55. Nc4 Bc7 56. Kh1 Ke6 57. Nxa5 Bxa5 58. Kg1 Kd5 59. Kh1 Kc4 60. Kg1 Kb4 61. Kh1 Kxa4 62. Kg1 Kb4 63. Kh1 Kc4 64. Kg1 Kd3 65. Kh1 Ke3 66. Kg1 Kf3 67. Kh1 Be1 0-1